Handbook of mathematical functions (Record no. 5084)

MARC details
000 -LEADER
fixed length control field 00501nam a2200169Ia 4500
003 - CONTROL NUMBER IDENTIFIER
control field IN-BaIIA
008 - FIXED-LENGTH DATA ELEMENTS--GENERAL INFORMATION
fixed length control field 211028s9999 xx 000 0 eng d
040 ## - CATALOGING SOURCE
Transcribing agency IIA Library
245 #0 - TITLE STATEMENT
Title Handbook of mathematical functions
Statement of responsibility, etc. edited by Milton Abramowitz and Irene A. Stegun
260 ## - PUBLICATION, DISTRIBUTION, ETC.
Place of publication, distribution, etc. New York
Name of publisher, distributor, etc. Dover Publications
Date of publication, distribution, etc. 1965
300 ## - PHYSICAL DESCRIPTION
Extent 1046p.
650 ## - SUBJECT ADDED ENTRY--TOPICAL TERM
Topical term or geographic name entry element Handbook
9 (RLIN) 1241
650 ## - SUBJECT ADDED ENTRY--TOPICAL TERM
Topical term or geographic name entry element mathematics
9 (RLIN) 82
700 ## - ADDED ENTRY--PERSONAL NAME
Personal name Milton, Abramowitz, ed.
9 (RLIN) 9054
700 ## - ADDED ENTRY--PERSONAL NAME
Personal name Stegun, Irene A., ed.
9 (RLIN) 9055
942 ## - ADDED ENTRY ELEMENTS (KOHA)
Koha item type Books
Holdings
Withdrawn status Lost status Damaged status Not for loan Home library Current library Shelving location Date acquired Cost, normal purchase price Total Checkouts Barcode Date last seen Cost, replacement price Price effective from Koha item type Purchase Price
        IIA Library-Bangalore IIA Library-Kavalur General Stacks 23/11/1976 690.00   5679 05/11/2021 690.00 23/11/1976 Books Rs. 690.00

Powered by Koha